000 00438nam a2200181Ia 4500
001 8114
005 20260306160545.0
008 260306t2008||||xx |||||||||||||| ||spa||
041 _aESP
082 _a370.11
_bG46
100 _aGimeno Sacristán, José
_eAUT
245 0 _aComprender y transformar la enseñanza
260 _c2008
300 _a447 páginas :
_c24 cm.
650 _aGEN
654 _aCED
942 _cLIB
_dJUS
_fJUS
_2ddc
_n
999 _c8114
_d8114